000
00249nam a22001097a 4500
008
230704b xxu||||| |||| 00| 0 eng d
082
_a
354.7
_b
KEN 1962
245
_a
Careers in the Civil Service
260
_c
1962
300
_a
114p
942
_2
ddc
_c
BK
999
_c
3947
_d
3947